000 00682nam 22001933 4500
001 201382
021 _aPT
_b2632/83
090 _a201382
100 _a20260318d u||y0pory50 ba
200 _aA visão do Oriente na literatura portuguesa de viagens
_eos viajantes portugueses e os itinerários terrestres (1560-1670)
_fLuís Graça
210 _a[Lisboa]
_cImp. Nac. Casa da Moeda
_dimp. 1983
215 _a338, [6] p.
_cbrochado
_d24 cm
225 _aEstudos de história de Portugal e dos portugueses
606 _93661
_aCrítica Literária.Estudos Literários
675 _a82.09
_vPT
_zpor
700 _916901
_aGraça
_bLuís
801 _aPT
_bBMMN
_gRPC
830 _cVanda
990 _cLIVROS